|
|
|
|
| LEADER |
01524nam a2200361 a 4500 |
| 001 |
000021083 |
| 003 |
CZ BrMZK |
| 005 |
20200330130033.0 |
| 008 |
950313s1993 xr f cze d |
| 015 |
|
|
|a cnb000118753
|
| 020 |
|
|
|a 80-85605-19-8
|
| 040 |
|
|
|a BOA001
|b cze
|
| 041 |
1 |
|
|a cze
|h eng
|
| 080 |
|
|
|a 34(73)
|2 MRF
|
| 080 |
|
|
|a 32(73)
|2 MRF
|
| 100 |
1 |
|
|a Bork, Robert H.,
|d 1927-2012
|7 xx0087811
|4 aut
|
| 245 |
1 |
0 |
|a Amerika v pokušení :
|b právo vystavené svodům politiky /
|c Robert H. Bork ; z amerického originálu přeložil Zdeněk Masopust.
|
| 260 |
|
|
|a Praha :
|b Victoria Publishing,
|c 1993
|
| 300 |
|
|
|a 421 s. ;
|c 24 cm
|
| 500 |
|
|
|a Ústava Spojených států amerických s poznámkami v závěru knihy
|
| 500 |
|
|
|a Dostupné též v digitální podobě v aplikaci Kramerius
|
| 653 |
0 |
|
|a USA
|a politika
|a právo
|
| 700 |
1 |
|
|a Masopust, Zdeněk,
|d 1938-2012
|7 jk01080499
|4 trl
|
| 765 |
0 |
|
|t The Tempting of America
|
| 856 |
4 |
1 |
|u http://www.digitalniknihovna.cz/mzk/uuid/uuid:a6802de0-4635-11e9-8854-005056827e51
|y Digitalizovaný dokument
|x NDK
|
| 910 |
|
|
|a BOA001
|b TK-0256.771
|b PK-0118.672
|b 2-1425.593
|
| 920 |
|
|
|a 000025084
|
| 962 |
|
|
|a 32
|
| 962 |
|
|
|a 34
|
| 990 |
|
|
|a BK
|
| 996 |
6 |
|
|b 2610774580
|c 2-1425.593
|l MZK
|r Sklad / do 1 hodiny
|n 0
|p dar
|w 000021083
|u 000030
|a 1
|e BOA001
|j MZK50
|s P
|
| 996 |
7 |
|
|b 2620000518
|c TK-0256.771
|l MZK
|r Sklad / do 24 hodin
|n 6
|p kup
|w 000021083
|u 000010
|a 1
|e BOA001
|j MZK50
|s A
|
| 996 |
7 |
|
|b 3119996877
|c PK-0118.672
|l MZK
|r Sklad / do 1 hodiny
|n 8
|w 000021083
|u 000020
|a 1
|e BOA001
|j MZK50
|s A
|